Barn, Föräldrar, Välfärdsstat : Den Politiska Debatten Om Föräldrautbildning Och Föräldrastöd 1964-2009.

Bibliographic Details
Main Author: Littmarck, Sofia.
Format: eBook
Language:English
Published: Linköping : Linkopings Universitet, 2017.
Edition:1st ed.
Series:Linköping Studies in Arts and Sciences Series
Subjects:
Online Access:Click to View
LEADER 02147nam a22003853i 4500
001 EBC5049583
003 MiAaPQ
005 20240729202202.0
006 m o d |
007 cr cnu||||||||
008 240729s2017 xx o ||||0 eng d
020 |a 9789176854686  |q (electronic bk.) 
035 |a (MiAaPQ)EBC5049583 
035 |a (Au-PeEL)EBL5049583 
035 |a (CaPaEBR)ebr11443253 
035 |a (OCoLC)1004615615 
040 |a MiAaPQ  |b eng  |e rda  |e pn  |c MiAaPQ  |d MiAaPQ 
100 1 |a Littmarck, Sofia. 
245 1 0 |a Barn, Föräldrar, Välfärdsstat :  |b Den Politiska Debatten Om Föräldrautbildning Och Föräldrastöd 1964-2009. 
250 |a 1st ed. 
264 1 |a Linköping :  |b Linkopings Universitet,  |c 2017. 
264 4 |c {copy}2017. 
300 |a 1 online resource (347 pages) 
336 |a text  |b txt  |2 rdacontent 
337 |a computer  |b c  |2 rdamedia 
338 |a online resource  |b cr  |2 rdacarrier 
490 1 |a Linköping Studies in Arts and Sciences Series ;  |v v.721 
505 0 |a Intro -- Förord -- Innehåll -- Kapitel 1. Inledning -- Kapitel 2. Sociala problem bland barn och unga och barnuppforstran som ett yrke 1964-1973 -- Kapitel 3. Barns uppväxtmiljöer - ett föräldraransvar eller gemensamt ansvar 1973-1985 -- Kapitel 4. Barns utsatthet och föräldrars ansvar 1986-200 -- Kapitel 5. Barns pyskiska ohälsa och ett oersättligt föräldraansvar 1999-2009 -- Kapitel 6. Barn, föräldrar, välfärdsstat -- Summary -- Litteratur &amp -- Källmaterial. 
588 |a Description based on publisher supplied metadata and other sources. 
590 |a Electronic reproduction. Ann Arbor, Michigan : ProQuest Ebook Central, 2024. Available via World Wide Web. Access may be limited to ProQuest Ebook Central affiliated libraries.  
655 4 |a Electronic books. 
776 0 8 |i Print version:  |a Littmarck, Sofia  |t Barn, Föräldrar, Välfärdsstat  |d Linköping : Linkopings Universitet,c2017 
797 2 |a ProQuest (Firm) 
830 0 |a Linköping Studies in Arts and Sciences Series 
856 4 0 |u https://ebookcentral.proquest.com/lib/matrademy/detail.action?docID=5049583  |z Click to View